000 01974nam a2200481 c 4500
003 BLK
005 20250128005514.0
008 180411b bul|||||r ||||||| ||bul||
010 _aKNG00174609000
020 _a978-954-91701-9-1
_bиздат.: Бълг. аграрен съюз
040 _aBLK
041 _aBUL
_cBUL
072 7 _2bullib
_aН92
_xИстория Н
080 _aТрета българска държава (от 1878)
_b94(497.2)"1878..."
_x(02.062)
_z94(497.2)"1878..."(02.062)
080 _aВътрешна политика. Вж и 329
_b323
_x(497.2)(092)(02.062)
_z323(497.2)(092)(02.062)
080 _aБиографии
_b929
_x(497.2)
_z929(497.2)
100 1 _aДимов, Ангел Георгиев
_eпърви автор
_9376801
139 _aДимов, Ангел Георгиев
_bД 60
245 1 0 _aЗлодеяния на Кобургите в България
_cАнгел Георгиев Димов.
250 _a5. изд.
257 _aBGR
260 София
_bБълг. аграрен съюз
_c2015
300 _a496 с.
_c20 см
380 _a9
500 _a1. изд. 2005. - Съдържа и за авт. - Библиогр. с. 489-494.
650 4 _aПолитици, български
_9242530
650 4 _aЦаре, български
_9248628
650 0 _aБългария - история, нова
_9241998
650 0 _aБългария - вътрешна политика
_9241559
651 4 _aБългария
_9241624
653 _aбългарска история
653 _aнова история
653 _aнай-нова история
653 _aбългарски царе
653 _aбългарски политици
659 _aН
852 _aЦб 273992
856 4 _qpdf
_u
856 4 _qpdf
_u
942 _cKNG
_n0
_02
944 _aCR
_c24.04.2015
_lCRON CRON
_k
944 _aED
_c08.10.2015
_lф /
_kПенка_Димитрова
999 _c166849
_d166849